Bakugan - bakugany - Statystyki

Ogólne statystyki
  • Ten quiz został rozwiązany 262 razy
  • Średni wynik to 6 z 15
Statystyki odpowiedzi
Hint Odpowiedź % Poprawnych
Dan Kuso Dragonoid
100%
Runo Tiggrera
67%
Maskarad Hydranoid
61%
Marucho (1sezon) Preyas
59%
Shun (1sezon) Skyress
57%
Spectra Helios
50%
Shun (2 sezon) Ingram
39%
Mira Wilda
37%
Baron Nemus
34%
Ace Percival
29%
Barodius Dharak
18%
Zenoheld Farbros
18%
Kazarina Lumagrowl
17%
Hydron Dryoid
15%
Ren Linehalt
11%
Nie znaleziono quizów pasujących do podanych kryteriów
Rozkład punktacji
Procent ludzi z każdym wynikiem
Percentyl według liczby udzielonych odpowiedzi
Twoja historia wyników
Nie rozwiązałeś tego quizu